Légumes et variétés - Statistiques

Statistiques générales
  • Ce quiz a été pris 114 fois
  • Le résultat moyen est 22 sur 47
Statistiques - réponses
Par images Réponse % Correct
Brocoli
96%
Chou-fleur
93%
Carotte
90%
Courgette
90%
Aubergine
89%
Chou rouge
89%
Mais
88%
Asperge
84%
Endive
84%
Choux de Bruxelles
81%
Patate
80%
Petit pois
80%
Navet
79%
Laitue
77%
Artichaud
73%
Poireaux
72%
Patate douce
70%
Oignon rouge
66%
Potiron
64%
Haricot rouge
63%
Radis noir
62%
Chou romanesco
51%
Persil
50%
Panais
43%
Echalote
36%
Epinard
36%
Topinambour
34%
Blette
33%
Pousse de soja
28%
Fenouil
26%
Radis blanc
26%
Piment d'Espelette
20%
Céleri-rave
19%
Chou frisé
16%
Piment de Cayenne
16%
Pois gourmand
12%
Pâtisson
10%
Salicorne
10%
Igname
9%
Chou pommé
8%
Gombo
8%
Chayote
4%
Oseille
4%
Piment Habanero
2%
Pourpier
2%
Haricot sabre
1%
Yacon
0%
Aucun quiz correspondant
Distribution des résultats
% des personnes avec chaque résultat
Percentile par nombre de réponses
Votre historique - résultats
Vous n’avez pas pris ce quiz